000 00848nam a22002177a 4500
999 _c57034
_d57034
005 20191024161411.0
008 191024s2019 ru ||||| |||| 00| 0 rur d
020 _a9789941263064
041 _arur
080 _a159.9 И-80
100 _aИригуаен Мари-Франс
_94997
245 _aМоральный террор /
_c Мари-Франс Иригуаен ; Гл. ред : Зоя Адамия .
264 _aТбилиси :
_bУниверсал,
_c2019.
300 _a255 стр.:
_bил .;
_c20 см.
505 _aбиблиограф : стр 248-255
653 _aМоральный террор
653 _aმორალური ტერორი
653 _aფსიქოლოგია
700 _a Адамия, Зоя
_eმთავარი რედაქტორი
_94998
942 _2udc
_cBK